Antimicrobial resistance of bacteria in boar semen at prek russey sangkeat krung takhmao kandal province, ករណីបាក់តេរីក្នុងទឹកកាមជ្រូក ស៊ាំនឹងឳសថអង់ទីប៊ីយ៉ូទិក នៅសង្កាត់ព្រែកឬស្សី ក្រុងតាខ្មៅ ខេត្តកណ្ដាល (Record no. 25689)

000 -LEADER
fixed length control field 00674nam a22001217a 4500
040 ## - CATALOGING SOURCE
Transcribing agency RUA
082 ## - DEWEY DECIMAL CLASSIFICATION NUMBER
Classification number DVM BOE 2025 B707 Or.1
100 ## - MAIN ENTRY--AUTHOR NAME
Personal name BOEUN SINUT, បឿន ស៊ីនុត
245 ## - TITLE STATEMENT
Title Antimicrobial resistance of bacteria in boar semen at prek russey sangkeat krung takhmao kandal province, ករណីបាក់តេរីក្នុងទឹកកាមជ្រូក ស៊ាំនឹងឳសថអង់ទីប៊ីយ៉ូទិក នៅសង្កាត់ព្រែកឬស្សី ក្រុងតាខ្មៅ ខេត្តកណ្ដាល
260 ## - PUBLICATION, DISTRIBUTION, ETC. (IMPRINT)
Place of publication PHNOM PENH
Name of publisher RUA
Year of publication 2025
300 ## - PHYSICAL DESCRIPTION
Number of Pages xii,49p.
Other physical details ill.
Dimensions 29cm.
942 ## - ADDED ENTRY ELEMENTS (KOHA)
Koha item type MGR
952 ## - LOCATION AND ITEM INFORMATION (KOHA)
Withdrawn status [LOCAL, KOHA] 0
952 ## - LOCATION AND ITEM INFORMATION (KOHA)
Withdrawn status [LOCAL, KOHA] 0
Holdings
Permanent Location Date acquired Koha item type Lost status Shelving location Barcode Current Location Full call number
Library Block B2026-04-09MGR B707B7121035Library Block BDVM BOE 2025 B707 Or.1
Library Block B2026-04-09MGR B707B712086Library Block BDVM BOE 2025 B707 Or.2
មជ្ឈមណ្ឌលឯការនៃសាកលវិទ្យាល័យភូមិន្ទកសិកម្មចំការដូង

Powered by Koha